[Event "Thursday Knighter IX: PREMIER"]
[Site "Minneapolis, MN"]
[Date "2018.09.20"]
[Round "3.3"]
[White "Buyukdag, Yusuf"]
[Black "Newhall, Peter"]
[Result "0-1"]
[WhiteElo "1102"]
[BlackElo "1067"]

1. d4 f5 2. Nc3 Nf6 3. Bg5 d5 4. Bxf6 exf6 5. e3 Be6 6. Bd3 Nc6 7. a3 Qd7 8.
Nge2 g5 9. Ng3 h5 10. Nxh5 O-O-O 11. Be2 Qf7 12. Na4 Na5 13. b4 Nc4 14. c3 b6
15. g4 fxg4 16. Bxg4 Kb8 17. Ng3 Bxg4 18. Qxg4 Qe8 19. Qd1 Bd6 20. O-O Bxg3
21. hxg3 Qe4 22. f3 Qxe3+ 23. Kg2 Nd2 24. Rg1 Rh2+ 25. Kxh2 Qf2+ 26. Kh3 f5
{#R} 0-1

[Event "Thursday Knighter IX: OPEN"]
[Site "Minneapolis, MN"]
[Date "2018.09.20"]
[Round "3.3"]
[White "Wisniewski, Vincent"]
[Black "Hale, Roger"]
[Result "1-0"]
[WhiteElo "1432"]
[BlackElo "1979"]

1. d4 d5 2. c4 e6 3. Nc3 Nf6 4. e3 Nbd7 5. cxd5 exd5 6. Bd3 Be7 7. Nge2 c5 8.
dxc5 Bxc5 9. Bd2 a6 10. O-O O-O 11. Rc1 Re8 12. Na4 Bd6 13. Nf4 Ne5 14. Bb1
Neg4 15. h3 Ne5 16. Qe1 Bd7 17. Ba5 Qe7 18. Nb6 Rab8 19. Nbxd5 Nxd5 20. Nxd5
Qg5 21. f4 Nf3+ 22. Rxf3 Qxd5 23. Rd1 Qc6 24. Bc3 Qc7 25. Qd2 Re6 26. Rg3 f6
27. a3 Kf8 28. Ba2 Rbe8 29. b4 Ba4 30. Rc1 R6e7 31. Bxf6 Qb6 32. Bxe7+ Rxe7
33. Rc8+ Re8 34. Rxe8+ Kxe8 35. Qd3 Bxf4 36. Qe4+ {#r} 1-0

[Event "Thursday Knighter IX: OPEN"]
[Site "Minneapolis, MN"]
[Date "2018.09.20"]
[Round "3.4"]
[White "Tordsen, Larry"]
[Black "Juntunen, Steven"]
[Result "1-0"]
[WhiteElo "1877"]
[BlackElo "2133"]

1. e4 e5 2. Nf3 Nc6 3. d4 exd4 4. Nxd4 Bc5 5. Be3 Bb6 6. Nxc6 bxc6 7. Bxb6
axb6 8. Bc4 Nf6 9. Nc3 O-O 10. O-O Re8 11. Qf3 b5 12. Bd3 b4 13. Ne2 d5 14.
Ng3 Qd6 15. h3 Qe5 16. b3 Bb7 17. exd5 cxd5 18. Rfe1 Qb2 19. Reb1 Qa3 20. Nf5
Kf8 21. Qg3 g6 22. Qxc7 Qa7 23. Qd6+ Kg8 24. Qxf6 gxf5 25. Bxf5 Qa6 26. Qd4
Qh6 27. Qxb4 Rab8 28. Qg4+ Kh8 29. Re1 Rg8 30. Qd4+ f6 31. Re7 Rg7 32. Rxg7
Qxg7 33. Re1 Rg8 34. g4 h5 35. a4 hxg4 36. hxg4 Qg5 37. Qd3 Qh4 38. Qg3 Qg5
39. Qh3+ Kg7 40. Qh7+ Kf8 41. Qe7# 1-0

[Event "Thursday Knighter IX: OPEN"]
[Site "Minneapolis, MN"]
[Date "2018.09.20"]
[Round "3.5"]
[White "Foote, Brendan"]
[Black "Landman, Kevin"]
[Result "1/2-1/2"]
[WhiteElo "1142"]
[BlackElo "1506"]

1. d4 Nf6 2. c4 g6 3. Nc3 Bg7 4. e4 d6 5. Nf3 O-O 6. Be2 e5 7. dxe5 dxe5 8.
Qxd8 Rxd8 9. Nd5 Nxd5 10. cxd5 c6 11. Bc4 cxd5 12. Bxd5 h6 13. O-O Nc6 14. Be3
Bg4 15. Rac1 Rac8 16. Bxc6 Rxc6 17. Rxc6 bxc6 18. Bxa7 Ra8 19. Bc5 Rxa2 20.
Ba3 Bxf3 21. gxf3 Bf8 22. Bxf8 Kxf8 23. Rc1 Rxb2 24. Rxc6 Kg7 25. h4 Rd2 26.
Kg2 Rd7 27. Kg3 Rd1 28. Kg2 Rd7 {#d} 1/2-1/2

[Event "Thursday Knighter IX: PREMIER"]
[Site "Minneapolis, MN"]
[Date "2018.09.27"]
[Round "4.1"]
[White "Hoover, Nathan"]
[Black "Hunt, Ethan"]
[Result "0-1"]
[WhiteElo "1979"]
[BlackElo "1912"]

1. e4 e5 2. Nf3 Nc6 3. Bb5 a6 4. Ba4 Nf6 5. O-O Be7 6. Re1 b5 7. Bb3 O-O 8. c3
d5 9. d4 exd4 10. e5 Ne4 11. Nxd4 Na5 12. Nxb5 axb5 13. Bxd5 Bb7 14. Bxb7 Nxb7
15. Qe2 Nec5 16. Na3 c6 17. Nc2 Qd3 18. Nd4 Qxe2 19. Rxe2 Rfc8 20. f4 Ne6 21.
Nf5 Bc5+ 22. Kf1 Rd8 23. b4 Rd1+ 24. Re1 Rxe1+ 25. Kxe1 Bf8 26. Nh4 c5 27. Bd2
Nc7 28. Nf3 Nd5 29. bxc5 Nxc5 30. Nd4 Nxf4 31. Bxf4 Nd3+ 32. Kf1 Nxf4 33. Nxb5
Nd3 34. e6 fxe6 35. Nc7 Rc8 36. Nxe6 Rxc3 37. a4 Rc6 38. Ke2 Nc1+ 39. Kd1 Nb3
40. Rb1 Rxe6 41. Rxb3 Ra6 42. Ke2 Rxa4 43. Kf3 Ra3 44. Rxa3 Bxa3 45. h4 h5 46.
Kf4 Be7 47. Kg3 Kf7 48. Kh3 Kg6 49. Kg3 Kf5 50. Kh3 Kf4 51. Kh2 Bxh4 52. Kh1
Be7 53. Kh2 g5 54. Kh1 h4 55. Kh2 g4 56. Kh1 h3 57. gxh3 g3 58. Kg2 Bd8 {#R}
0-1

[Event "Thursday Knighter IX: PREMIER"]
[Site "Minneapolis, MN"]
[Date "2018.09.27"]
[Round "4.2"]
[White "Newhall, Peter"]
[Black "Zagar, Dane"]
[Result "0-1"]
[WhiteElo "1067"]
[BlackElo "1972"]

1. d4 Nf6 2. Nf3 e6 3. e3 d5 4. Bd3 Bd6 5. O-O O-O 6. b3 Nbd7 7. Bb2 Ne4 8.
Nbd2 Nxd2 9. Qxd2 c5 10. c4 cxd4 11. exd4 Qf6 12. Qc2 Qh6 13. Rae1 b6 14. Bc1
Qh5 15. cxd5 Bb7 16. Ne5 Bxd5 17. Bxh7+ Kh8 18. Re3 Nxe5 19. dxe5 Bxe5 20. Rh3
Qxh3 21. gxh3 g6 22. Qe2 Bg7 23. Bxg6 fxg6 24. Bb2 Rf3 25. Bxg7+ Kxg7 26. Qe5+
Kh6 27. Rc1 Raf8 28. Rc7 R8f6 29. h4 R3f5 30. Qe3+ Rf4 31. Rxa7 Kh5 32. Rh7+
Kg4 33. h3+ Kf5 34. Qxb6 Rf3 35. Qc5 Rxh3 36. Kf1 Kg4 37. h5 g5 38. Ke1 Rf5
39. Ra7 Rh1+ 40. Kd2 Rd1+ 41. Kxd1 Bf3+ 42. Kd2 Rxc5 43. h6 Be4 44. h7 Rc8 45.
Ke3 Bf5 46. b4 Rc3+ 47. Kd4 Rh3 48. b5 Bxh7 49. b6 Rd3+ 50. Kc4 Be4 51. a4 Ra3
52. a5 Kf3 53. Rf7+ Ke2 54. Kb4 Ra1 55. Ra7 Kxf2 56. a6 g4 57. Rf7+ Ke3 58. b7
g3 59. a7 Bxb7 60. Rxb7 g2 61. Rg7 Rxa7 62. Rxg2 Rc7 63. Rg4 e5 64. Rh4 e4 65.
Rh3+ Kd2 66. Rh2+ Kd3 67. Rh3+ e3 68. Rh8 Rb7+ 69. Ka3 e2 70. Rd8+ Kc2 71.
Rc8+ Kd1 72. Rd8+ Ke1 73. Rh8 Rd7 74. Rh1+ Kd2 75. Rh2 Kd1 76. Kb2 e1=Q 77.
Rc2 Qb4+ 78. Ka1 Ra7+ 79. Ra2 Qc3+ 80. Kb1 Qc1# 0-1

[Event "Thursday Knighter IX: PREMIER"]
[Site "Minneapolis, MN"]
[Date "2018.09.27"]
[Round "4.3"]
[White "Britt, Thomas"]
[Black "Zelkind, Eduard"]
[Result "1-0"]
[WhiteElo "1460"]
[BlackElo "2200"]

1. d4 Nf6 2. c4 g6 3. Nc3 d6 4. e4 Bg7 5. Nf3 O-O 6. Be2 e5 7. O-O Nbd7 8. Bg5
c6 9. d5 Qc7 10. Ne1 Nc5 11. Qc2 a5 12. f3 Nfd7 13. Nd3 Nxd3 14. Bxd3 Nc5 15.
Be3 Bd7 16. b3 f5 17. a3 Na6 18. Rab1 f4 19. Bf2 g5 20. dxc6 bxc6 21. c5 Rf6
22. cxd6 Qxd6 23. Na4 c5 24. Rfd1 Qc7 25. Rbc1 g4 26. Bc4+ Kh8 27. Qd3 Bxa4
28. bxa4 gxf3 29. Qxf3 Rc8 30. Rd5 Nb8 31. Bb5 Bf8 32. Bh4 Rg6 33. Be1 Nc6 34.
Bxc6 Rxc6 35. Bc3 Bg7 36. Rcd1 Rg6 37. Rb1 Rb8 38. Rb5 Rxb5 39. axb5 a4 40.
Qf2 c4 41. Qc5 Qxc5+ 42. Rxc5 f3 43. Rc8+ {#r} 1-0

[Event "Thursday Knighter IX: PREMIER"]
[Site "Minneapolis, MN"]
[Date "2018.09.27"]
[Round "4.4"]
[White "Wasserman, Eddie"]
[Black "Boardman, Larry"]
[Result "1-0"]
[WhiteElo "1928"]
[BlackElo "1918"]

1. d4 Nf6 2. c4 e6 3. Nc3 c5 4. d5 exd5 5. cxd5 d6 6. e4 g6 7. Nge2 Bg7 8. Ng3
O-O 9. Be2 a6 10. a4 Nbd7 11. O-O Re8 12. Bg5 h6 13. Be3 Rb8 14. Qd2 Kh7 15.
f4 Qe7 16. e5 dxe5 17. f5 b6 18. h4 Nf8 19. fxg6+ fxg6 20. h5 g5 21. Nge4 Kh8
22. Nxf6 Bxf6 23. Ne4 Nh7 24. Nxf6 Nxf6 25. d6 Qe6 26. Bc4 Qxc4 27. Rxf6 Rb7
28. Rxh6+ Kg7 29. Rg6+ Kh7 30. Rf1 Bg4 31. Rff6 Rd8 32. Rh6+ Kg8 33. Rfg6+ Rg7
34. Rxg7+ Kxg7 35. Bxg5 Rd7 36. Bf6+ Kf7 37. Bxe5 Qe4 38. Qf2+ {#r} 1-0

[Event "Thursday Knighter IX: PREMIER"]
[Site "Minneapolis, MN"]
[Date "2018.09.27"]
[Round "4.5"]
[White "Buyukdag, Yusuf"]
[Black "Wisniewski, Vincent"]
[Result "0-1"]
[WhiteElo "1102"]
[BlackElo "1432"]

1. d4 e6 2. c4 Bb4+ 3. Nc3 d5 4. e3 Nf6 5. Bd3 dxc4 6. Bxc4 O-O 7. Nge2 c5 8.
O-O Nc6 9. dxc5 Ne5 10. Qa4 Bxc5 11. a3 a6 12. Ba2 b5 13. Qc2 Bb7 14. e4 Ba7
15. Bg5 Rc8 16. Ng3 Qc7 17. Bxf6 gxf6 18. Nh5 Ng4 19. Ng3 Qf4 20. h3 Qxg3 21.
hxg4 Qxg4 22. Rae1 Rc5 23. Qd1 Qh4 24. Re3 Rg5 25. Rf3 Bb8 26. g3 Qh6 27. Kg2
Rh5 28. Rh1 f5 29. Rxh5 Qxh5 30. Qd3 Be5 31. Nd5 exd5 32. exd5 Qh6 33. Qxf5
Qd6 34. Qg5+ Bg7 35. Qf5 Bc8 36. Qg5 Bd7 37. Rf4 Qe5 38. Qh4 Qd6 39. Qh2 Qe5
40. Bb1 h6 41. Be4 f5 42. Bf3 Be8 43. g4 fxg4 44. Rxf8+ Kxf8 45. Qxe5 Bxe5 46.
Bxg4 Bf7 47. Bc8 Bxd5+ 48. f3 a5 49. Bd7 Bxb2 50. Bxb5 Bxa3 51. Ba4 Ke7 52.
Kg3 Kf6 53. Kg4 Bf7 54. Bd1 Be7 55. Bc2 h5+ {#R} 0-1

[Event "Thursday Knighter IX: OPEN"]
[Site "Minneapolis, MN"]
[Date "2018.09.27"]
[Round "4.4"]
[White "Wijetunge, Ivan"]
[Black "Juntunen, Steven"]
[Result "1-0"]
[WhiteElo "2055"]
[BlackElo "2133"]

1. d4 Nf6 2. Bf4 d5 3. e3 e6 4. Bd3 c5 5. c3 Bd6 6. Bg3 O-O 7. Nd2 Nc6 8. Ngf3
Re8 9. Ne5 cxd4 10. cxd4 Qc7 11. f4 g6 12. Qf3 Nh5 13. Qg4 f5 14. Qf3 Nf6 15.
Bh4 Ne4 16. h3 Nxd2 17. Kxd2 Nxe5 18. fxe5 Be7 19. Qf4 Bf8 20. Bg5 Qg7 21. g4
h6 22. Bf6 g5 23. Qf3 Qf7 24. gxf5 Bg7 25. Bxg7 Qxg7 26. f6 Rf8 27. Qh5 Qc7
28. Qg6+ {#r} 1-0

[Event "Thursday Knighter IX: OPEN"]
[Site "Minneapolis, MN"]
[Date "2018.09.27"]
[Round "4.6"]
[White "Landman, Kevin"]
[Black "Heinisch, Michael"]
[Result "1/2-1/2"]
[WhiteElo "1506"]
[BlackElo "1300"]

1. d4 Nf6 2. c4 c5 3. d5 b5 4. cxb5 a6 5. bxa6 g6 6. Nc3 Bxa6 7. g3 d6 8. Bg2
Bg7 9. Nf3 Nbd7 10. O-O O-O 11. Qc2 Nb6 12. Rd1 Qc7 13. Ne1 Nfd7 14. b3 Bxe2
15. Qxe2 Bxc3 16. Bb2 Bxb2 17. Qxb2 Rfb8 18. Qe2 Nf6 19. Nc2 Qb7 20. Ne3 Ra7
21. Rab1 Qa8 22. Rb2 Qb7 23. Rdd2 Ra6 24. Qd3 Rba8 25. Nc4 Nxc4 26. Qxc4 Qa7
27. Qc2 Rb6 28. Bf1 Qb7 29. Bc4 Nd7 30. f4 Rb4 31. Qe4 Nb6 32. Rbc2 e6 33. Qd3
exd5 34. Bxd5 Nxd5 35. Qxd5 Qxd5 36. Rxd5 Rb6 37. Rcd2 Kf8 38. Kf2 Rba6 39.
Ke3 Rxa2 40. Rxd6 Rxd2 41. Rxd2 Ke7 42. Kd3 Rd8+ 43. Kc3 Rxd2 44. Kxd2 Kd6 45.
Kc3 Kd5 46. Kd3 h5 47. h3 f6 48. Ke3 c4 49. bxc4+ Kxc4 50. Ke4 Kc5 51. g4 hxg4
52. hxg4 Kd6 53. f5 g5 54. Kd4 Kc6 {#d} 1/2-1/2

[Event "Thursday Knighter X: PREMIER"]
[Site "Minneapolis, MN"]
[Date "2018.10.04"]
[Round "1.1"]
[White "Britt, Thomas"]
[Black "Newhall, Peter"]
[Result "1-0"]
[WhiteElo "1460"]
[BlackElo "1067"]

1. d4 f5 2. Nf3 Nf6 3. g3 e6 4. Bg2 Be7 5. O-O O-O 6. c4 d6 7. Nc3 Ne4 8. Nxe4
fxe4 9. Nd2 d5 10. f3 Nc6 11. fxe4 Rxf1+ 12. Nxf1 dxc4 13. e3 Bd7 14. e5 Be8
15. Qe2 b5 16. a4 a6 17. Bd2 Rb8 18. Be4 Qd7 19. axb5 axb5 20. Ra6 Rb6 21. Ra8
Bf8 22. Qf3 Qf7 23. Rc8 Ne7 24. Qxf7+ Bxf7 25. Rxc7 Rb8 26. Rb7 Rxb7 27. Bxb7
Nd5 28. e4 Nb6 29. Bc6 b4 30. Ne3 Bg6 31. Kf2 Be7 32. Kf3 Kf8 33. Bb5 Bh5+ 34.
g4 Be8 35. Bxc4 Nxc4 36. Nxc4 Bc6 37. Ne3 b3 38. Nd1 Ke8 39. Nc3 Bb4 40. Nb1
Be7 41. Bc3 Bg5 42. Na3 Be7 43. Nc4 Bd8 44. Bb4 Ba8 45. Nd2 Bb6 46. Ke3 Bc6
47. Nxb3 Kd7 48. Nc1 Bb5 49. Na2 Kc6 50. b3 Bd8 51. d5+ Kd7 52. Bc5 Bg5+ 53.
Kf3 Bd2 54. Bb4 Bg5 55. Nc3 Bd3 56. Na4 Be7 57. d6 Bxd6 58. exd6 Bb5 59. Nc5+
Kxd6 60. Nd3+ Kd7 61. Ne5+ Ke8 62. Ke3 g6 63. Kf4 Be2 64. Kg5 h5 65. h3 hxg4
66. hxg4 Bb5 67. Kf6 g5 68. Kxg5 Ba6 69. Kf4 Be2 70. Bd6 Bd1 71. b4 Be2 72. g5
Bh5 73. b5 Kd8 74. g6 Bxg6 75. Nxg6 Kd7 76. Ke5 Kc8 77. Kxe6 Kd8 78. Ne7 Ke8
79. Be5 Kd8 80. b6 Ke8 81. b7 Kf8 82. b8=R# 1-0

[Event "Thursday Knighter X: PREMIER"]
[Site "Minneapolis, MN"]
[Date "2018.10.04"]
[Round "1.2"]
[White "Wasserman, Eddie"]
[Black "Narayanan, Samrug"]
[Result "0-1"]
[WhiteElo "1928"]
[BlackElo "1183"]

1. e4 e6 2. d4 d5 3. Nc3 Bb4 4. e5 c5 5. a3 Bxc3+ 6. bxc3 Qa5 7. Bd2 Qa4 8.
Qg4 g6 9. h4 h5 10. Qd1 Nc6 11. Nf3 c4 12. g3 Bd7 13. Bg5 Nge7 14. Bf6 Rg8 15.
Ng5 Qa5 16. Qd2 b5 17. Bh3 Qb6 18. g4 Qa5 19. Ke2 Bc8 20. gxh5 gxh5 21. Bg2
Nf5 22. Bf3 Ncxd4+ 23. cxd4 c3 24. Qf4 Qa4 25. Rhd1 Qxc2+ 26. Ke1 a5 27. Bxh5
Ra7 28. Be2 Qa4 29. Bd3 Nxd4 30. Bxb5+ Qxb5 31. Qxd4 Ba6 32. Rd3 Qxd3 33. Qxd3
Bxd3 34. h5 Rb7 35. Rd1 c2 36. Rc1 Rb1 37. Kd2 Rxc1 38. Kxc1 Kd7 39. h6 Rb8
40. h7 Rb1+ 41. Kd2 Rd1+ 42. Ke3 c1=Q+ 43. Kf3 Be4+ 44. Kg3 Rg1+ 45. Kh4 Qf4+
{#R} 0-1

[Event "Thursday Knighter X: PREMIER"]
[Site "Minneapolis, MN"]
[Date "2018.10.04"]
[Round "1.3"]
[White "Zelkind, Eduard"]
[Black "Boardman, Larry"]
[Result "0-1"]
[WhiteElo "2200"]
[BlackElo "1932"]

1. e4 c5 2. Nc3 e6 3. g3 Nc6 4. Bg2 Nf6 5. d3 Be7 6. Nh3 O-O 7. O-O d5 8. Bg5
d4 9. Ne2 e5 10. f3 Be6 11. Bd2 h6 12. Nf2 b5 13. h3 Rc8 14. f4 c4 15. fxe5
Nxe5 16. Nf4 Qb6 17. Kh2 c3 18. Bc1 cxb2 19. Bxb2 Rfd8 20. Qd2 a5 21. c3 dxc3
22. Bxc3 Nc4 23. Qe1 b4 24. Bxf6 Bxf6 25. Nxe6 Qxe6 26. dxc4 Bxa1 27. Qxa1
Qxc4 28. Rd1 Qe2 29. Rf1 Rc2 30. Qe5 Rxa2 31. Qe7 Rad2 32. Qb7 Qc4 33. Kh1 b3
34. Ng4 Rd1 35. Ne3 Rxf1+ 36. Bxf1 Qc3 37. Qb6 Rd2 38. Qb8+ Kh7 39. Qf4 b2 40.
Qxf7 Qf6 41. Qb3 Qf2 42. Bg2 Qe1+ 43. Nf1 b1=Q {#R} 0-1

[Event "Thursday Knighter X: PREMIER"]
[Site "Minneapolis, MN"]
[Date "2018.10.04"]
[Round "1.4"]
[White "Mulligan, Toma"]
[Black "Hoover, Nathan"]
[Result "1-0"]
[WhiteElo "2008"]
[BlackElo "1979"]

1. d4 Nf6 2. Nf3 d5 3. c4 e6 4. Nc3 Bb4 5. Bd2 dxc4 6. e3 O-O 7. Bxc4 a6 8. a3
Be7 9. b4 a5 10. b5 c5 11. O-O Nbd7 12. Qe2 b6 13. Ne5 Bb7 14. Nc6 Qe8 15. d5
exd5 16. Bxd5 Nxd5 17. Nxd5 Bf6 18. Nc7 Qe4 19. f3 Qa4 20. Nxa8 Bxa1 21. Nxb6
Nxb6 22. Nxa5 Bd5 23. Rxa1 Re8 24. Qd1 Qxb5 25. Rb1 Qa6 26. e4 Be6 27. Qf1 c4
28. Qf2 Na4 29. Qd4 Rc8 30. Bc3 f6 31. Rb7 Ra8 32. Rxg7+ {#r} 1-0

[Event "Thursday Knighter X: PREMIER"]
[Site "Minneapolis, MN"]
[Date "2018.10.04"]
[Round "1.5"]
[White "Zagar, Dane"]
[Black "Buyukdag, Yusuf"]
[Result "1-0"]
[WhiteElo "1972"]
[BlackElo "1102"]

1. d4 Nf6 2. c4 e6 3. Nc3 Bb4 4. e3 O-O 5. Bd3 d5 6. cxd5 exd5 7. Nge2 c6 8.
O-O Re8 9. f3 Na6 10. a3 Bf8 11. b4 Nc7 12. Bd2 Ne6 13. Qc2 g6 14. Kh1 Bg7 15.
Na4 Nd7 16. Rab1 Nb6 17. Nb2 Nc7 18. a4 Be6 19. Nf4 Rc8 20. a5 Nd7 21. Na4 Nb5
22. Rbc1 Qe7 23. Nxe6 Qxe6 24. Qa2 Red8 25. Rc2 Bh6 26. Rfc1 Nf6 27. Nc5 Qe7
28. a6 bxa6 29. Nxa6 Qb7 30. Nc5 Qb6 31. Nb3 Nd6 32. Na5 Re8 33. Rxc6 Rxc6 34.
Rxc6 Qd8 35. f4 Ng4 36. Be2 Nf2+ 37. Kg1 Nde4 38. Be1 Qh4 39. Rc1 Bxf4 40.
exf4 Qxf4 41. Qa3 Nc3 42. Qxc3 Rxe2 43. Qf3 Nh3+ 44. Kf1 Rxg2 45. Qxf4 Rg1+
46. Ke2 Nxf4+ 47. Kf3 Rf1+ 48. Ke3 Kg7 49. Bd2 Rxc1 50. Bxc1 Ne6 51. Nc6 a6
52. Nb8 f5 53. Nxa6 f4+ 54. Kd3 Kf7 55. b5 g5 56. b6 Nd8 57. Nc7 Nb7 58. Nxd5
Ke6 59. Nc7+ Kd7 60. d5 Kd6 61. Kd4 f3 62. Ba3+ Kd7 63. Ke3 g4 64. Ne6 h5 65.
Nf8+ Kd8 66. Ng6 Na5 67. Kf2 Nc4 68. Bc5 Nd2 69. Ke1 Ne4 70. Bf2 Kc8 71. Nf4
Kb7 72. Nxh5 Nxf2 73. Kxf2 Kxb6 74. Ke3 Kc5 75. Ke4 Kd6 76. Kd4 Kd7 77. Ke5
Ke7 78. d6+ Kd7 79. Kd5 Kd8 80. Ke6 f2 81. Ng3 Ke8 82. d7+ Kd8 83. Nf1 {#r}
1-0

[Event "Thursday Knighter X: PREMIER"]
[Site "Minneapolis, MN"]
[Date "2018.10.04"]
[Round "1.6"]
[White "Wisniewski, Vincent"]
[Black "Hunt, Ethan"]
[Result "0-1"]
[WhiteElo "1432"]
[BlackElo "1912"]

1. d4 d5 2. c4 e6 3. Nc3 Nf6 4. e3 c6 5. Nf3 Nbd7 6. cxd5 exd5 7. Bd3 Bd6 8.
O-O O-O 9. a3 a5 10. Re1 Re8 11. Qc2 Nf8 12. e4 dxe4 13. Nxe4 Nxe4 14. Rxe4
Rxe4 15. Bxe4 Bg4 16. Ne5 Be6 17. Be3 a4 18. Rc1 Ra5 19. Qc3 Rb5 20. g3 Nd7
21. Nd3 Nf6 22. Bf3 Nd5 23. Qd2 Qf6 24. Bd1 Nb6 25. Ne5 Bd5 26. f4 Qe7 27. Be2
Rb3 28. Bd1 Rb5 29. Be2 Rb3 30. Bd1 f6 31. Bxb3 axb3 32. Qf2 Na4 33. Re1 fxe5
34. dxe5 Bc5 35. Qd2 Bxe3+ 36. Rxe3 Qc5 37. Kf1 Nxb2 38. e6 Nc4 39. e7 Nxd2+
40. Ke2 Qxe3+ 41. Kxe3 Kf7 42. Kxd2 Kxe7 43. Kc3 Kd6 44. h3 c5 45. g4 c4 46.
h4 Be6 47. f5 Bxf5 48. gxf5 Ke5 49. a4 Kxf5 50. a5 g5 51. hxg5 Kxg5 52. Kxc4
b2 53. Kb4 b1=Q+ 54. Ka4 Qb2 55. a6 bxa6 {#R} 0-1

[Event "Thursday Knighter: OPEN"]
[Site "Minneapolis, MN"]
[Date "2018.10.04"]
[Round "1.1"]
[White "Wijetunge, Ivan"]
[Black "Juntunen, Steven"]
[Result "1-0"]
[WhiteElo "2055"]
[BlackElo "2133"]

1. d4 Nf6 2. Bf4 d5 3. e3 c5 4. c3 e6 5. Nd2 Nc6 6. Bd3 Be7 7. h3 Qb6 8. Rb1
cxd4 9. exd4 O-O 10. Ngf3 Re8 11. O-O Nd7 12. Qe2 Bf6 13. Ne5 Ndxe5 14. dxe5
Be7 15. Qh5 g6 16. Qg4 f5 17. exf6 e5 18. Qg5 Bxf6 19. Qxf6 exf4 20. Qxf4 Bd7
21. Qd6 Be6 22. Rfe1 Rad8 23. Qg3 Ne7 24. Re5 Nf5 25. Bxf5 Bxf5 26. Rxf5 Re2
27. Nb3 Qe6 28. Rf3 Qe4 29. Rf1 Re8 30. Re3 Rxe3 31. fxe3 Qxe3+ 32. Qxe3 Rxe3
33. Kf2 Re5 34. Nd4 a6 35. Kg3 Kg7 36. a3 Rg5+ 37. Kf3 Rf5+ 38. Nxf5+ {#r} 1-0

[Event "Thursday Knighter: OPEN"]
[Site "Minneapolis, MN"]
[Date "2018.10.04"]
[Round "1.5"]
[White "Landman, Kevin"]
[Black "Khann, Riaz"]
[Result "1-0"]
[WhiteElo "1506"]
[BlackElo "1506"]

1. d4 Nf6 2. c4 e6 3. Nc3 Bb4 4. e3 O-O 5. Nge2 b6 6. a3 Bxc3+ 7. Nxc3 Bb7 8.
d5 exd5 9. cxd5 d6 10. Be2 Nbd7 11. O-O Nc5 12. f3 Qd7 13. b4 Na6 14. Bb2 Qf5
15. e4 Qf4 16. Qd4 Rad8 17. Rac1 Qh4 18. Qe3 Nh5 19. Nb5 Nf4 20. g3 Nxe2+ 21.
Qxe2 Qg5 22. Nxc7 Nb8 23. Nb5 a6 24. Nd4 Rde8 25. Qf2 Nd7 26. Nf5 f6 27. Nxd6
Rb8 28. Rc7 Bc8 29. Rfc1 Ne5 30. Bxe5 Bh3 31. Bf4 Qh5 32. g4 Bxg4 33. fxg4
Qxg4+ 34. Qg3 h5 35. Qxg4 hxg4 36. Rc8 g5 37. Bg3 Kh7 38. R1c7+ Kg6 39. Rxb8
Rxb8 40. Rc8 Rxc8 41. Nxc8 b5 42. d6 f5 43. exf5+ Kxf5 44. d7 a5 45. d8=Q a4
46. Qd5+ Kg6 47. Ne7+ Kh5 48. Qf7+ Kh6 49. Qg6# 1-0

[Event "Thursday Knighter: OPEN"]
[Site "Minneapolis, MN"]
[Date "2018.10.04"]
[Round "1.7"]
[White "VonEschen, Mitchell"]
[Black "Foote, Brendan"]
[Result "1/2-1/2"]
[WhiteElo "1638"]
[BlackElo "1142"]

1. d4 Nf6 2. c4 g6 3. Nc3 d5 4. Nf3 Bg7 5. e3 O-O 6. Be2 b6 7. O-O Bb7 8. a4
Nc6 9. b3 Nb4 10. c5 bxc5 11. Ba3 a5 12. Rc1 cxd4 13. Nxd4 Re8 14. Bxb4 axb4
15. Ncb5 Rc8 16. Nc6 Bxc6 17. Rxc6 e6 18. Qd2 Bf8 19. Bf3 Nd7 20. Rfc1 Ne5 21.
Rxc7 Nxf3+ 22. gxf3 Rxc7 23. Rxc7 Re7 24. Rc1 Rd7 25. Qd4 Rb7 26. Qf4 Rb6 27.
Rc7 f6 28. Qd4 Rxb5 29. Qa7 Rb8 30. Rxh7 Qe8 31. Rc7 Rc8 32. Rb7 Rc3 33. Qb6
Rxb3 34. Qc7 Be7 35. Rb8 Qxb8 36. Qxb8+ Kf7 37. Kg2 Ra3 38. Qb5 b3 39. a5 f5
40. a6 Bf6 41. Qb7+ Be7 42. a7 b2 43. Qxb2 Rxa7 44. Qd4 Rd7 45. Qa4 Rd6 46.
Kf1 Bf6 47. f4 d4 48. exd4 Rxd4 49. Qa7+ Kg8 {#d} 1/2-1/2

[Event "Thursday Knighter X: PREMIER"]
[Site "Minneapolis, MN"]
[Date "2018.10.11"]
[Round "2.1"]
[White "Hunt, Ethan"]
[Black "Zagar, Dane"]
[Result "1-0"]
[WhiteElo "1912"]
[BlackElo "1972"]

1. c4 Nf6 2. Nf3 e6 3. g3 d5 4. Bg2 c5 5. cxd5 exd5 6. d4 Nc6 7. O-O Be6 8.
Nc3 Rc8 9. Bg5 c4 10. Ne5 Be7 11. Qd2 O-O 12. Rfd1 h6 13. Bxf6 Bxf6 14. Nxc6
bxc6 15. e4 dxe4 16. Nxe4 Be7 17. Rac1 Qb6 18. Bf1 Bd5 19. Nc5 Rfd8 20. Bxc4
Bg5 21. f4 Bf6 22. Qf2 Rd6 23. Bxd5 Rxd5 24. Rc4 Rcd8 25. b3 a5 26. Kg2 g6 27.
a3 Kg7 28. b4 Qb5 29. Qc2 Rxd4 30. Rcxd4 Rxd4 31. Rxd4 Bxd4 32. Qd3 Qxd3 33.
Nxd3 axb4 34. Nxb4 c5 35. Nc2 Bc3 36. Kf3 f5 37. Ke2 Kf6 38. Kd3 Ba5 39. Kc4
Bb6 40. Ne1 g5 41. Nd3 h5 42. Nxc5 Ba7 43. a4 h4 44. a5 h3 45. a6 gxf4 46.
gxf4 Kg6 47. Ne6 Kh5 48. Kd3 Kg4 49. Ke2 Bb6 50. Nc7 Bg1 51. Nb5 Bxh2 52. a7
Bxf4 53. a8=Q h2 54. Qf3+ Kg5 55. Kf1 {#r} 1-0

[Event "Thursday Knighter X: PREMIER"]
[Site "Minneapolis, MN"]
[Date "2018.10.11"]
[Round "2.2"]
[White "Boardman, Larry"]
[Black "Hoover, Nathan"]
[Result "1-0"]
[WhiteElo "1932"]
[BlackElo "1979"]

1. e4 d6 2. d4 Nf6 3. Nc3 g6 4. Nf3 Bg7 5. Be2 O-O 6. O-O Nc6 7. h3 e5 8. dxe5
dxe5 9. Bg5 Be6 10. Qc1 Nd4 11. Nxe5 Nxe4 12. Bxd8 Nxc3 13. Qe3 Ncxe2+ 14. Kh1
Raxd8 15. Rad1 Rfe8 16. c3 Bc4 17. cxd4 {#r} 1-0

[Event "Thursday Knighter X: PREMIER"]
[Site "Minneapolis, MN"]
[Date "2018.10.11"]
[Round "2.3"]
[White "Newhall, Peter"]
[Black "Wisniewski, Vincent"]
[Result "1-0"]
[WhiteElo "1067"]
[BlackElo "1432"]

1. d4 d5 2. Nf3 Nf6 3. e3 c5 4. c3 e6 5. Bd3 Nc6 6. Nbd2 Bd6 7. O-O cxd4 8.
exd4 O-O 9. Qe2 b6 10. Ne5 Bb7 11. f4 a5 12. Ndf3 Ne7 13. Bd2 Qc8 14. Rae1 Ba6
15. Kh1 Bxd3 16. Nxd3 Ne4 17. Ng5 Nxd2 18. Qxd2 h6 19. Nf3 b5 20. Nfe5 f6 21.
Nf3 Re8 22. Re2 Ng6 23. Rfe1 Qd7 24. a3 Kf7 25. Nc5 Bxc5 26. dxc5 Rac8 27. b4
Qc7 28. g3 Rcd8 29. Qd4 Nf8 30. Kg1 g5 31. fxg5 hxg5 32. Rf2 e5 33. Qg4 Nh7
34. Nxg5+ Nxg5 35. Qxg5 Qe7 36. Ref1 Rh8 37. Rxf6+ Ke8 38. Qg6+ Kd7 39. Rf7
Rhe8 40. Rxe7+ Rxe7 41. Rf7 Rxf7 42. Qxf7+ Kc8 43. c6 Rd6 44. Qb7+ Kd8 45. c7+
Ke7 46. c8=Q+ {#r} 1-0

[Event "Thursday Knighter X: PREMIER"]
[Site "Minneapolis, MN"]
[Date "2018.10.11"]
[Round "2.4"]
[White "Buyukdag, Yusuf"]
[Black "Wasserman, Eddie"]
[Result "1-0"]
[WhiteElo "1102"]
[BlackElo "1928"]

1. d4 Nf6 2. c4 c5 3. d5 e5 4. Nc3 d6 5. e4 Be7 6. Be2 Nbd7 7. Nf3 Nf8 8. Nh4
Nxe4 9. Nxe4 Bxh4 10. Qa4+ Bd7 11. Qb3 Qc7 12. Qxb7 Qxb7 13. Nxd6+ Ke7 14.
Nxb7 Rc8 15. O-O Ng6 16. g3 Bf6 17. Be3 e4 18. Bxc5+ Ke8 19. Nd6+ {#r} 1-0